[Event "Norrkoeping op"]
[Site "Norrkoeping"]
[Date "1996.??.??"]
[Round "6"]
[White "Ernst, Thomas"]
[Black "Renman, Nils Gustaf"]
[Result "1-0"]
[WhiteElo "2410"]
[BlackElo "2375"]

1.e4 e6 2.d4 d5 3.Nc3 Bb4 4.e5 b6 5.a3 Bf8 6.Nf3 Ne7 7.h4 h6 8.Bf4 a5 9.Nb5 Ba6
10.h5 Nc8 11.Bd3 c6 12.Nc3 Bxd3 13.Qxd3 a4 14.g4 Be7 15.Bg3 b5 16.Nd2 Nb6
17.f4 Nc4 18.Rb1 b4 19.axb4 Na6 20.Nxc4 Nxb4 21.Nd6+ Bxd6 22.Qd2 Be7 23.Ra1 c5
24.dxc5 Bxc5 25.Nxa4 d4 26.O-O Be7 27.c3 dxc3 28.Qxd8+ Bxd8 29.Nxc3 Rb8 30.f5 O-O
31.fxe6 fxe6 32.Rxf8+ Kxf8 33.Ne4 Nd3 34.Kh1 Bb6 35.g5 Bd4 36.Rf1+ Kg8 37.Rd1 Rb3
38.Nd2 Rxb2 39.Nf3 Bf2 40.Rxd3 Bxg3 41.Rd8+ Kf7 42.g6+ Ke7 43.Rg8 Rf2 44.Rxg7+ Kf8
45.Rf7+ Kg8 46.Kg1 Kh8 47.Ng5 Rxf7 48.Nxf7+ Kg7 49.Kg2 Bh4 50.Kf3 Be7 51.Ke4 Bh4
52.Kd3 Bg3 53.Kd4 Bf2+ 54.Kc4 Be3 55.Nd8  1-0

[Event "Oberwart op"]
[Site "Oberwart"]
[Date "1996.??.??"]
[Round "8"]
[White "Petroczi, Thomas"]
[Black "Roos, Thomas"]
[Result "0-1"]
[WhiteElo "2200"]
[BlackElo "2255"]

1.e4 e6 2.d4 d5 3.Nc3 Bb4 4.e5 b6 5.a3 Bxc3+ 6.bxc3 Ba6 7.Bxa6 Nxa6 8.Qd3 Nb8
9.Nf3 Ne7 10.O-O Nbc6 11.c4 dxc4 12.Qxc4 Qd5 13.Qxd5 Nxd5 14.c4 Nc3 15.Re1 O-O-O
16.a4 Nxd4 17.Nxd4 Rxd4 18.Bb2 Rd3 19.Ra3 Ne2+ 20.Kf1 Nf4 21.g3 Rxa3 22.Bxa3 Ng6
23.f4 c5 24.Ke2 Rd8 25.Bb2 Ne7 26.Bc3 Nc6 27.Rd1 Rxd1 28.Kxd1 Kc7 29.Kc2 Ne7
30.Kd3 Kc6 31.Ke4 a6 32.Bd2 b5 33.axb5+ axb5 34.cxb5+ Kxb5 35.Kd3 c4+ 36.Kc2 Kc5
37.Be3+ Kd5 38.Kc3 Nc6 39.Bb6 Ne7 40.Bg1 g5 41.fxg5 Ng6  0-1

[Event "RUS-chT"]
[Site "Orel"]
[Date "1996.??.??"]
[Round "?"]
[White "Filipenko, Alexander V"]
[Black "Dyachkov, Sergej"]
[Result "1/2-1/2"]
[WhiteElo "2425"]
[BlackElo "2505"]

1.e4 e6 2.d4 d5 3.Nc3 Bb4 4.e5 Ne7 5.a3 Bxc3+ 6.bxc3 c5 7.Qg4 O-O 8.Bd3 f5
9.exf6 Rxf6 10.Bg5 Rf7 11.Qh4 h6 12.Bxe7 Qxe7 13.Qxe7 Rxe7 14.Nf3 Nc6 15.O-O-O c4
16.Bg6 Bd7 17.Nh4 Rf8 18.Rhf1 Rf6 19.f4 Be8 20.f5 Bxg6 21.Nxg6 Ref7 22.fxe6 Rxf1
23.exf7+ Rxf7 24.g3 Rf5 25.Nh4 Rf2 26.Rd2 Rf1+ 27.Kb2 Ne7 28.Re2 Kf7 29.Ng2 Rf6
30.Ne3 Re6 31.Rf2+ Rf6 32.Re2 Re6 33.Rf2+ Rf6  1/2-1/2

[Event "Komercni Banka op"]
[Site "Pardubice"]
[Date "1996.??.??"]
[Round "7"]
[White "Mudelsee, Manfred"]
[Black "Vavra, Pavel"]
[Result "0-1"]
[WhiteElo "2250"]
[BlackElo "2375"]

1.e4 e6 2.d4 d5 3.Nc3 Bb4 4.e5 b6 5.Qg4 Bf8 6.Bb5+ c6 7.Ba4 a5 8.a3 Qd7 9.Nge2 Ba6
10.O-O Ne7 11.Re1 h5 12.Qf4 Bc4 13.Be3 Na6 14.Qf3 Nc7 15.h4 Nf5 16.g3 Nb5
17.Bb3 Nxc3 18.Nxc3 Ba6 19.Rad1 Be7 20.Ne2 O-O-O 21.Kg2 Bxh4 22.Rh1 g5 23.gxh4 g4  0-1

[Event "Komercni Banka op"]
[Site "Pardubice"]
[Date "1996.??.??"]
[Round "8"]
[White "Henris, Luc"]
[Black "Schettler, Juergen"]
[Result "0-1"]
[WhiteElo "2280"]
[BlackElo "2160"]

1.e4 e6 2.d4 d5 3.Nc3 Bb4 4.e5 Ne7 5.a3 Bxc3+ 6.bxc3 c5 7.Qg4 Qc7 8.Bd3 cxd4
9.Ne2 dxc3 10.Qxg7 Rg8 11.Qxh7 Nbc6 12.Bf4 Bd7 13.O-O O-O-O 14.Bg3 d4 15.Qe4 Nf5
16.f4 Nce7 17.Qf3 Bc6 18.Be4 Ne3 19.Bxc6 Nxf1 20.Bxb7+ Qxb7 21.Qxf1 Nf5 22.Bf2 Qc6
23.Rb1 Ne3 24.Bxe3 dxe3 25.g3 Rd2 26.f5 Rgd8 27.fxe6 fxe6 28.h4 Rxc2 29.Qf7 Rxe2  0-1

[Event "St Petersburg-Paris"]
[Site "Paris"]
[Date "1996.??.??"]
[Round "8"]
[White "Solozhenkin, Evgeniy"]
[Black "Apicella, Manuel"]
[Result "1-0"]
[WhiteElo "2510"]
[BlackElo "2540"]

1.e4 e6 2.d4 d5 3.Nc3 Bb4 4.e5 Ne7 5.a3 Bxc3+ 6.bxc3 c5 7.Qg4 O-O 8.Bd3 Nbc6
9.Qh5 Ng6 10.Nf3 Qc7 11.Be3 c4 12.Bxg6 fxg6 13.Qg4 Qf7 14.Ng5 Qe8 15.h4 h6
16.Nh3 Ne7 17.Nf4 Qf7 18.Rh3 Qf5 19.Qe2 Bd7 20.g4 Qf7 21.Kd2 a5 22.h5 b5
23.g5 b4 24.gxh6 Qf5 25.hxg7 Rfb8 26.hxg6 Ba4 27.Rh8+ Kxg7 28.Rh7+ Kg8 29.Qh5 Qxh5
30.Nxh5 Nxg6 31.Nf6+  1-0

[Event "POL-ch"]
[Site "Poland"]
[Date "1996.??.??"]
[Round "6"]
[White "Kuczynski, Robert"]
[Black "Gdanski, Jacek"]
[Result "1-0"]
[WhiteElo "2495"]
[BlackElo "2480"]

1.e4 e6 2.d4 d5 3.Nc3 Bb4 4.e5 Ne7 5.a3 Bxc3+ 6.bxc3 c5 7.h4 b6 8.h5 h6 9.Qg4 Kf8
10.Bd3 Ba6 11.dxc5 Bxd3 12.cxd3 bxc5 13.Nf3 Nd7 14.O-O Qa5 15.Bd2 Rb8 16.a4 Rb2
17.Qf4 g5 18.hxg6 Nxg6 19.Qe3 Qc7 20.d4 Nb6 21.Bc1 Nc4 22.Qd3 Rb3 23.Qc2 Rb7
24.Nh2 cxd4 25.cxd4 Qb6 26.Rb1 Qc7 27.Rxb7 Qxb7 28.Ng4 Kg7 29.Nf6 Qb4 30.Qd1 Qc3
31.g3 Ne7 32.Qg4+ Kf8 33.Nd7+ Ke8 34.Nf6+ Kf8 35.Bf4 Qc2 36.Nd7+ Ke8 37.Qg7 Kxd7
38.Qxh8 Qxa4 39.Bxh6 Nf5 40.Bg5 Qa5 41.Rb1 Nb6 42.Qb8 Qa3 43.Rc1  1-0

[Event "Polanica Zdroj op"]
[Site "Polanica Zdroj"]
[Date "1996.??.??"]
[Round "9"]
[White "Hnydiuk, Aleksander"]
[Black "Rustemov, Alexander"]
[Result "0-1"]
[WhiteElo "2295"]
[BlackElo "2495"]

1.e4 e6 2.d4 d5 3.Nc3 Bb4 4.e5 Ne7 5.a3 Bxc3+ 6.bxc3 c5 7.h4 Qc7 8.Nf3 b6
9.h5 h6 10.Bb5+ Bd7 11.Bd3 Ba4 12.O-O Nd7 13.Re1 Qc6 14.Rb1 a6 15.Nd2 cxd4
16.cxd4 Bb5 17.Rxb5 axb5 18.Qe2 b4 19.axb4 O-O 20.Nb3 Ra2 21.b5 Qc7 22.Qg4 Kh8
23.Re2 Rc8 24.Qh3 Qd8 25.Qf3 Qg8 26.Kf1 Rc7 27.g4 Qe8 28.Qf4 Ng8 29.f3 Nf8
30.Qh2 Rc3 31.g5 Rxd3 32.cxd3 Rxe2 33.Qxe2 Qxb5 34.Qc2 Kh7 35.Ke2 hxg5 36.Bxg5 Qa4
37.Qc3 Nh6 38.Bxh6 Kxh6 39.Nd2 Kxh5 40.Qc8 Ng6 41.Qc3 Nf4+ 42.Ke3 Qd1  0-1

[Event "Polanica Zdroj op"]
[Site "Polanica Zdroj"]
[Date "1996.??.??"]
[Round "10"]
[White "Grabarczyk, Bogdan"]
[Black "Szymczak, Zbigniew"]
[Result "1-0"]
[WhiteElo "2420"]
[BlackElo "2330"]

1.e4 e6 2.d4 d5 3.Nc3 Bb4 4.e5 Qd7 5.Qg4 Bf8 6.Nh3 Nc6 7.Be3 h5 8.Qd1 b6
9.Be2 g6 10.Bg5 Bb7 11.Qd2 Nge7 12.Qf4 O-O-O 13.Bb5 Nf5 14.Ne2 Be7 15.c3 Bxg5
16.Nxg5 Qe7 17.O-O-O Na5 18.h3 h4 19.g4 hxg3 20.fxg3 Rh5 21.h4 Rdh8 22.Nf3 R5h6
23.g4 Ng7 24.Qf6 Qf8 25.Ng5 Rxh4 26.Rxh4 Rxh4 27.Nxf7  1-0

[Event "EU-ch U16"]
[Site "Rimavska Sobota"]
[Date "1996.??.??"]
[Round "9"]
[White "Szelag, Marcin"]
[Black "Gaprindashvili, Valerian"]
[Result "0-1"]
[WhiteElo "2265"]
[BlackElo "2250"]

1.e4 e6 2.d4 d5 3.Nc3 Bb4 4.e5 Qd7 5.a3 Bf8 6.f4 b6 7.Nf3 Bb7 8.Bd3 Nc6 9.Be3 g6
10.Qd2 Nge7 11.O-O Nf5 12.Bf2 a6 13.Ne2 Be7 14.b3 Na7 15.b4 Nc6 16.c3 Nd8
17.Ng3 Bc6 18.Qe2 Bb5 19.c4 Nxg3 20.Bxg3 dxc4 21.Bxc4 Bc6 22.Bd3 b5 23.Be4 Bd5
24.Nd2 a5 25.bxa5 Rxa5 26.Qe3 c6 27.Bxd5 cxd5 28.Rfd1 Qa7 29.Nb1 Nc6 30.Qc3 Kd7
31.Bf2 b4 32.Qd2 Rb8 33.Rc1 Qa6 34.Be1 Ra4 35.h3 bxa3 36.Bf2 Rb2 37.Qd1 Qa5
38.Nc3 Rc4 39.Qd3 Rb3 40.Be1 Bb4 41.Rab1 Rxb1 42.Qxb1 a2 43.Qa1 Nxd4 44.Kh2 Nb3
45.Qxa2 Nxc1 46.Qb1 Bxc3 47.Bxc3 Rxc3 48.Qb8 Qd8 49.Qb5+ Rc6 50.Qb7+ Qc7
51.Qa8 Qc8 52.Qa7+ Ke8 53.Qf2 Kf8 54.Qh4 Kg8  0-1

[Event "Rosario"]
[Site "Rosario"]
[Date "1996.??.??"]
[Round "2"]
[White "Spangenberg, Hugo"]
[Black "Rodriguez, Andres"]
[Result "1/2-1/2"]
[WhiteElo "2505"]
[BlackElo "2575"]

1.e4 e6 2.d4 d5 3.Nc3 Bb4 4.e5 Ne7 5.a3 Bxc3+ 6.bxc3 b6 7.Qg4 Ng6 8.Bd3 Ba6
9.Ne2 Bxd3 10.cxd3 Nd7 11.Bg5  1/2-1/2

[Event "SVK-ch Boys U18"]
[Site "Ruzomberok"]
[Date "1996.??.??"]
[Round "5"]
[White "Betko, Lubomir"]
[Black "Komora, Andrej"]
[Result "0-1"]
[WhiteElo "2195"]
[BlackElo "2145"]

1.e4 e6 2.d4 d5 3.Nc3 Bb4 4.e5 Ne7 5.a3 Bxc3+ 6.bxc3 c5 7.Qg4 Qc7 8.Qxg7 Rg8
9.Qxh7 cxd4 10.Ne2 Nbc6 11.f4 Bd7 12.Qd3 dxc3 13.Nxc3 a6 14.Rb1 Na5 15.h4 O-O-O
16.h5 Nf5 17.Rh3 d4 18.Ne4 Bb5 19.Rxb5 axb5 20.h6 Nc4 21.h7 Rh8 22.Qb3 Rd5
23.Bd3 Nfe3 24.Bxe3 Nxe3 25.Rg3 f5 26.Rg8+ Rd8 27.Nf6 Qf7 28.Qxb5 Rhxg8 29.hxg8=Q Rxg8
30.Qc5+ Kb8 31.Qd6+ Ka8 32.Nxg8 Qxg8 33.Qxd4 Qg3+ 34.Kd2 Nd5 35.Qa4+ Kb8
36.Qe8+ Ka7 37.Qxe6 Qe3+  0-1

[Event "Santa Clara"]
[Site "Santa Clara"]
[Date "1996.??.??"]
[Round "4"]
[White "Pupo, Emilio"]
[Black "Matamoros Franco, Carlos S"]
[Result "1/2-1/2"]
[WhiteElo "2435"]
[BlackElo "2430"]

1.e4 e6 2.d4 d5 3.Nc3 Bb4 4.e5 Ne7 5.a3 Bxc3+ 6.bxc3 c5 7.a4 Qc7 8.Nf3 h6
9.h4 b6 10.Bb5+ Bd7 11.Bd3 Nbc6 12.Bd2 c4 13.Be2 f6 14.Bf4 Ng6 15.Bg3 fxe5
16.dxe5 O-O-O 17.h5 Nge7 18.Qd2 Rdg8 19.Nd4 Nxd4 20.cxd4 a5 21.c3 Kb7 22.Bf4 Ka7
23.g3 Nc8 24.Bg4 Qd8 25.Kf1 Qe7 26.Kg2 Be8 27.Bd1 Qf8 28.Bc2 g6 29.hxg6 Bxg6
30.Bxg6 Rxg6 31.Rh5 Qe8 32.Rh3 Ne7 33.Bxh6 Nf5 34.Rah1 Qxa4 35.Bg5 Rxh3 36.Rxh3 Qb3
37.g4 Ng7 38.Rh1 Ka6 39.Ra1 Ne8 40.f4 Nc7 41.Rf1 Nb5 42.f5 Rxg5 43.Qxg5 Qc2+
44.Rf2 Qe4+ 45.Kh2 Nxc3 46.fxe6 Nd1 47.Qf5 Qe1 48.e7 Nxf2 49.Qf3 Ne4 50.e8=Q Qd2+
51.Qg2 Qh6+ 52.Kg1 Qe3+ 53.Kh1 Qe1+ 54.Kh2 Qh4+  1/2-1/2

[Event "Santa Clara"]
[Site "Santa Clara"]
[Date "1996.??.??"]
[Round "10"]
[White "Herrera, Irisberto"]
[Black "Matamoros Franco, Carlos S"]
[Result "1-0"]
[WhiteElo "2420"]
[BlackElo "2430"]

1.e4 e6 2.d4 d5 3.Nc3 Bb4 4.e5 Ne7 5.a3 Bxc3+ 6.bxc3 c5 7.h4 Qa5 8.Bd2 cxd4
9.cxd4 Qa4 10.Nf3 b6 11.h5 h6 12.Qb1 Ba6 13.Qb3 Qc6 14.Bxa6 Nxa6 15.a4 Qc4
16.Qb5+ Kd8 17.Rh4 Rc8 18.Rf4 Rf8 19.Ra3 Rc6 20.Nh4 Nc7 21.Qxc4 dxc4 22.Rg3 Ncd5
23.Rff3 c3 24.Bxc3 Rc4 25.Bb2 Rxc2 26.Ba3 Kd7 27.Rxg7  1-0

[Event "Sao Paulo Interclub"]
[Site "Sao Paulo"]
[Date "1996.??.??"]
[Round "1"]
[White "Caldeira, Adriano"]
[Black "Schutt, Ricardo"]
[Result "1/2-1/2"]
[WhiteElo "2220"]
[BlackElo "2150"]

1.e4 e6 2.d4 d5 3.Nc3 Bb4 4.e5 Qd7 5.a3 Bxc3+ 6.bxc3 b6 7.f4 Ba6 8.Bxa6 Nxa6
9.Qd3 Nb8 10.Ne2 Ne7 11.a4 Nbc6 12.O-O Na5 13.Ba3 g6 14.Bb4 Nec6 15.f5 gxf5
16.Nf4 Nc4 17.Nh5 O-O-O 18.a5 Nxb4 19.cxb4 b5 20.Nf6 Qe7 21.c3 a6 22.Rf4 h5
23.Rh4 Rh6 24.Rf1 Rdh8 25.Rff4 c6 26.Qe2 Qf8 27.g3 Qg7 28.Rxh5 Rxh5 29.Nxh5 Qg5
30.Nf6 Rh3 31.Qf2 Kc7 32.Kg2 Qh6 33.Kg1 Qg5 34.Kg2 Qh6 35.Rh4 Rxh4 36.gxh4 Ne3+
37.Kh3 Nd1 38.Qg3 Qd2 39.h5 Nxc3 40.Qg8 Qe3+ 41.Kg2 Qe2+ 42.Kg3 Qe3+ 43.Kg2 Qe2+
44.Kg3  1/2-1/2

[Event "Sas van Gent"]
[Site "Sas van Gent"]
[Date "1996.??.??"]
[Round "3"]
[White "Tjiam, Dharma"]
[Black "Motwani, Paul"]
[Result "1/2-1/2"]
[WhiteElo "2350"]
[BlackElo "2490"]

1.e4 e6 2.d4 d5 3.Nc3 Bb4 4.e5 Ne7 5.Nf3 b6 6.Bd2 Qd7 7.Bb5 c6 8.Ba4 a5 9.a3 Bxc3
10.Bxc3 Ba6 11.Bd2 Bb5 12.Bxb5 cxb5 13.Qe2 Nbc6 14.Qd3 h6 15.O-O O-O 16.c3 a4
17.Rae1 Na5 18.g4 Nc4 19.Bc1 Ng6 20.h4 f5 21.exf6 Rxf6 22.Ne5 Ngxe5 23.dxe5 Rff8
24.f4 h5 25.f5 hxg4 26.f6 Qf7 27.Rf4 Qh5  1/2-1/2

[Event "Sas van Gent"]
[Site "Sas van Gent"]
[Date "1996.??.??"]
[Round "3"]
[White "Stanke, Juergen"]
[Black "Krays, Alexander"]
[Result "1/2-1/2"]
[WhiteElo "2295"]
[BlackElo "2400"]

1.e4 e6 2.d4 d5 3.Nc3 Bb4 4.e5 Qd7 5.Bd2 b6 6.f4 Ba6 7.Bxa6 Nxa6 8.Nf3 h5
9.Qe2 Nb8 10.Nd1 Be7 11.Ne3 Nh6 12.O-O-O Nf5 13.Nxf5 exf5 14.Be1 h4 15.Bf2 Nc6
16.h3 Qe6 17.c4 Rd8 18.c5 Qh6 19.Qd2 bxc5 20.dxc5 d4 21.Kb1 O-O 22.g3 hxg3
23.Bxg3 Rd5 24.h4 Qh5 25.Ng5 d3 26.e6 f6 27.Qg2 Rxc5 28.Rxd3 Rd8 29.Rxd8+ Nxd8
30.Nf3 Rc4 31.Nd2 Rc6 32.Bf2 Rxe6 33.Rg1 Qf7 34.h5 Re2 35.Nb3 Ne6 36.Qa8+ Kh7
37.Bxa7 Qxh5 38.Rh1 Rh2 39.Rxh2 Qxh2 40.Qd5 Nxf4 41.Qxf5+ Kg8 42.Be3 Bd6
43.Qc8+ Kh7 44.Qf5+ Kg8 45.Qc8+ Kh7 46.Qf5+ Kg8  1/2-1/2

[Event "Savonlinna op"]
[Site "Savonlinna"]
[Date "1996.??.??"]
[Round "?"]
[White "Porrasmaa, Timo"]
[Black "Salmensuu, Olli"]
[Result "0-1"]
[WhiteElo "2140"]
[BlackElo "2280"]

1.e4 e6 2.d4 d5 3.Nc3 Bb4 4.e5 Qd7 5.Bd2 b6 6.Bb5 c6 7.Ba4 Ba6 8.Nce2 Bf8
9.Nf3 Bb5 10.Bb3 c5 11.c3 Nc6 12.Be3 O-O-O 13.a4 Bxe2 14.Qxe2 c4 15.Bc2 f6
16.exf6 gxf6 17.O-O Nge7 18.Rfb1 e5 19.b3 Qg4 20.Qf1 Rg8 21.Kh1 e4 22.Nd2 cxb3
23.Rxb3 Na5 24.Rb5 Nec6 25.Rab1 f5 26.f3 Qg7 27.g3 Bd6 28.fxe4 fxe4 29.Qf5+ Rd7
30.Qh3 Ne7 31.c4 Nac6 32.cxd5 Nxd4 33.Nxe4 Nxc2 34.Nxd6+ Kc7 35.Bf4 Kd8 36.Rc1 Qc3
37.Qg2 Qd3 38.h3 Nd4 39.Rd1 Qxd1+ 40.Kh2 Nf3+ 41.Qxf3 Qxf3 42.Nf7+ Ke8  0-1

[Event "DLM U20"]
[Site "Schoeneck"]
[Date "1996.??.??"]
[Round "1"]
[White "Paehtz, Thomas Jr"]
[Black "Ludwig, Kristin"]
[Result "1/2-1/2"]
[WhiteElo "2060"]
[BlackElo "2090"]

1.e4 e6 2.d4 d5 3.Nc3 Bb4 4.e5 Ne7 5.a3 Bxc3+ 6.bxc3 c5 7.Qg4 Qc7 8.Bd3 cxd4
9.Ne2 dxc3 10.Qxg7 Rg8 11.Qxh7 Qxe5 12.Bf4 Qh8 13.Qxh8 Rxh8 14.Nxc3 a6 15.Be5 Rh5
16.Bf6 Nd7 17.g4 Rh3 18.Bxe7 Kxe7 19.O-O b5 20.Kg2 Rh8 21.Kg3 Bb7 22.f4 Rag8
23.Ne2 Nf6 24.h3 Nh5+ 25.Kh2 Nf6  1/2-1/2

[Event "Seefeld op"]
[Site "Seefeld"]
[Date "1996.??.??"]
[Round "?"]
[White "Luther, Thomas"]
[Black "Rausch, Stephan"]
[Result "0-1"]
[WhiteElo "2495"]
[BlackElo "2310"]

1.e4 e6 2.d4 d5 3.Nc3 Bb4 4.e5 Ne7 5.a3 Bxc3+ 6.bxc3 c5 7.Qg4 O-O 8.Bd3 Nd7
9.Nf3 f5 10.Qh3 Qa5 11.Bd2 Nb6 12.g4 Nc4 13.Rg1 Nxd2 14.Kxd2 cxd4 15.Nxd4 Bd7
16.gxf5 exf5 17.e6 Be8 18.Nxf5 Nxf5 19.e7 Rf6 20.Bxf5 g6 21.Be6+ Kg7 22.Qe3 Bc6
23.Bh3 Re8 24.Rae1 Qxa3 25.Rg4 Qd6 26.Rh4 h5 27.f4 Bd7 28.Bxd7 Qxd7 29.Rh3 Kf7
30.f5 Qxf5 31.Kd1 Re6 32.Qxe6+ Qxe6 33.Rxe6 Kxe6 34.Re3+ Kf6 35.c4 dxc4 36.Ra3 a6
37.Ra4 Rxe7 38.Rxc4 g5 39.Rc5 Kg6 40.Rd5 g4 41.Rd8 Kg5 42.Rd5+ Kh4 43.Kd2 Rf7
44.Ke1 Rf3 45.Re5 b5  0-1

[Event "SLO-chT sf"]
[Site "SLO"]
[Date "1996.??.??"]
[Round "2"]
[White "Kecic, Stevan"]
[Black "Krzisnik, Zvonko"]
[Result "1-0"]
[WhiteElo "2245"]
[BlackElo "2260"]

1.e4 e6 2.d4 d5 3.Nc3 Bb4 4.e5 b6 5.Qg4 Bf8 6.Bg5 Qd7 7.Be2 Ba6 8.Bd1 c5
9.Nge2 Nc6 10.dxc5 bxc5 11.Qa4 Qb7 12.O-O h6 13.Bh4 Ne7 14.f4 Rb8 15.Bf2 d4
16.Ne4 Nd5 17.Re1 Bb5 18.Qa3 Bxe2 19.Bxe2 Nxf4 20.Bf3 Nd5 21.c4 Ndb4 22.Qa4 Qd7
23.a3 Nxe5 24.axb4 Rxb4 25.Qxa7 Nc6 26.Nxc5  1-0

[Event "SLO-chT sf"]
[Site "SLO"]
[Date "1996.??.??"]
[Round "5"]
[White "Rakovec, T."]
[Black "Praznik, Anton"]
[Result "1/2-1/2"]
[WhiteElo "2145"]
[BlackElo "2230"]

1.e4 e6 2.d4 d5 3.Nc3 Bb4 4.e5 Qd7 5.a3 Bf8 6.Nf3 b6 7.a4 a5 8.Bb5 c6 9.Bd3 Ba6
10.O-O Ne7 11.Ne2 Ng6 12.Bg5 h6 13.Be3 Bxd3 14.Qxd3 Be7 15.Ng3 h5 16.h3 h4
17.Ne2 Rh5 18.Nf4 Nxf4 19.Bxf4 Na6 20.c3 c5 21.Bd2 c4 22.Qe2 O-O-O 23.b3 Qc6
24.Rfb1 Nc7 25.Nh2 Rhh8 26.Ng4 Kd7 27.bxc4 dxc4 28.Ne3 Nd5 29.Nxc4 Rc8 30.Ne3 Nxc3
31.Bxc3 Qxc3 32.d5 Bc5 33.Qb5+ Ke7 34.d6+ Kf8 35.Ng4 Kg8 36.Rc1 Qd2 37.Rd1 Qf4
38.Qd7 Kh7 39.Qb5 f5 40.exf6 gxf6 41.Qd7+ Kg6 42.Qxe6 Rc6 43.Rd5 Rxd6 44.Rxd6 Qxd6  1/2-1/2

[Event "Solymar op"]
[Site "Solymar"]
[Date "1996.??.??"]
[Round "?"]
[White "Videki, Sandor"]
[Black "Kiss, Judit"]
[Result "1-0"]
[WhiteElo "2460"]
[BlackElo "2115"]

1.e4 e6 2.d4 d5 3.Nc3 Bb4 4.e5 Ne7 5.a3 Bxc3+ 6.bxc3 c5 7.Qg4 O-O 8.Nf3 f5
9.exf6 Rxf6 10.Bg5 Nd7 11.Ne5 Qa5 12.Qh3 cxd4 13.Nxd7 Bxd7 14.Bxf6 gxf6 15.Bd3 Qxc3+
16.Ke2 Ng6 17.Qg3 Bb5 18.Rhc1 Bc4 19.Kd1 f5 20.h4 Kf7 21.Rab1 Rc8 22.Rxb7+  1-0

[Event "RUS-Cup1 Chigorin mem"]
[Site "St Petersburg"]
[Date "1996.??.??"]
[Round "1"]
[White "Loskutov, Oleg"]
[Black "Nenashev, Alexander"]
[Result "1-0"]
[WhiteElo "2395"]
[BlackElo "2580"]

1.e4 e6 2.d4 d5 3.Nc3 Bb4 4.e5 Ne7 5.a3 Bxc3+ 6.bxc3 b6 7.Qg4 Ng6 8.h4 h5
9.Qd1 Ba6 10.Bxa6 Nxa6 11.Ne2 Nxh4 12.Qd3 Nb8 13.c4 Ng6 14.Nc3 Qd7 15.cxd5 exd5
16.Bg5 Nc6 17.O-O-O Qg4 18.f4 Nxf4 19.Qb5 O-O 20.Bxf4 Qxf4+ 21.Kb1 Ne7 22.Rxh5 c6
23.Rdh1 f5 24.e6 g6 25.Rh8+ Kg7 26.R8h7+ Kf6 27.Rxe7 Qd6 28.Qe2 Kxe7 29.Rh7+ Kf6
30.Qe1 Qf4 31.Ne2 Qe4 32.Qg3 Qg4 33.Qe5+ Kg5 34.e7 Rg8 35.Rh3 Qe4 36.Rg3+ Kh6
37.Qf6 Qxe2 38.Rh3+ Qh5 39.Rxh5+ Kxh5 40.Qxc6 Rae8 41.Qf6 Kg4 42.c4 dxc4
43.d5 Kg3 44.d6  1-0

[Event "RUS-Cup1 Chigorin mem"]
[Site "St Petersburg"]
[Date "1996.??.??"]
[Round "1"]
[White "Driamin, Dmitrij"]
[Black "Vysochin, Spartak"]
[Result "0-1"]
[WhiteElo "2225"]
[BlackElo "2480"]

1.e4 e6 2.d4 d5 3.Nc3 Bb4 4.e5 Ne7 5.a3 Bxc3+ 6.bxc3 c5 7.Nf3 Qc7 8.Be2 b6
9.a4 Ba6 10.Bb5+ Bxb5 11.axb5 Nd7 12.O-O O-O 13.Re1 Rfc8 14.Ba3 a6 15.bxa6 Rxa6
16.Ng5 Nf8 17.Qd3 Rca8 18.Bb2 Rxa1 19.Bxa1 Ra2 20.c4 h6 21.Nf3 dxc4 22.Qxc4 Qa7
23.Qf1 Rxc2 24.dxc5 bxc5 25.Rc1 Qa2 26.Rxc2 Qxc2 27.Qe1 Nd5 28.Nd2 Nf4 29.Ne4 Nd3
30.Qf1 Ng6 31.f3 Ngxe5 32.Bxe5 Nxe5 33.Qb5 Qd1+ 34.Kf2 Qd4+ 35.Kg3 Nd7 36.Qc6 Kh7
37.Nd6 Ne5 38.Qb6 Nd3 39.Ne4 Qe5+ 40.Kh3 Nf4+  0-1

[Event "Petrov mem"]
[Site "St Petersburg"]
[Date "1996.??.??"]
[Round "2"]
[White "Aseev, Konstantin N"]
[Black "Skomorokhin, Roman"]
[Result "1-0"]
[WhiteElo "2530"]
[BlackElo "2450"]

1.e4 e6 2.d4 d5 3.Nc3 Bb4 4.e5 b6 5.Qg4 Bf8 6.Bg5 Qd7 7.O-O-O h6 8.Qh3 Ba6
9.Bxa6 Nxa6 10.f4 Ne7 11.Bh4 c5 12.Nf3 Rc8 13.Bf2 c4 14.g4 b5 15.Kb1 b4 16.Ne2 Nc7
17.Nh4 Nb5 18.f5 c3 19.Be1 a5 20.bxc3 Qc6 21.Qd3 Na3+ 22.Ka1 Kd7 23.Rf1 Qa4
24.Rc1 Rg8 25.Ng2 Nc6 26.Ngf4 Nd8 27.fxe6+ fxe6 28.Ng6 Nc6 29.Rf7+ Be7 30.Nxe7 Nxe7
31.Qa6 Rge8 32.Qd6+  1-0

[Event "Petrov mem"]
[Site "St Petersburg"]
[Date "1996.??.??"]
[Round "4"]
[White "Kruppa, Yuri"]
[Black "Alekseev, Vadim"]
[Result "1-0"]
[WhiteElo "2580"]
[BlackElo "2355"]

1.e4 e6 2.d4 d5 3.Nc3 Bb4 4.e5 b6 5.a3 Bf8 6.Nf3 c6 7.g3 Ba6 8.Ne2 Qd7 9.Bh3 Ne7
10.O-O Ng6 11.Re1 Be7 12.Bg2 c5 13.h4 h5 14.c3 Nc6 15.b4 c4 16.Ng5 Bf8 17.Kh2 Nge7
18.Nf4 g6 19.Bh3 Nd8 20.a4 b5 21.Qf3 Qc6 22.axb5 Bxb5 23.Nxf7 Kxf7 24.Nxe6+ Ke8
25.Qf6 Rg8 26.Bg5 Nxe6 27.Bxe6 Rg7 28.Re3 Ng8 29.Bxg8 Rxg8 30.e6 Rg7 31.Bh6  1-0

[Event "RUS-Cup1 Chigorin mem"]
[Site "St Petersburg"]
[Date "1996.??.??"]
[Round "6"]
[White "Pozdniakov, Sergei"]
[Black "Raaste, Eero J"]
[Result "1/2-1/2"]
[WhiteElo "2360"]
[BlackElo "2360"]

1.e4 e6 2.d4 d5 3.Nc3 Bb4 4.e5 b6 5.a3 Bf8 6.Nf3 Ne7 7.b4 c6 8.Bd3 Ba6 9.b5 cxb5
10.Nxb5 Nec6 11.a4 h6 12.Ba3 Bxa3 13.Rxa3 O-O 14.O-O Nd7 15.Re1 Qe7 16.Nd6 Bxd3
17.Rxd3 f6 18.Rc3 Na5 19.Qe2 fxe5 20.dxe5 Nc5 21.Nd4 Nab7 22.Nxb7 Qxb7 23.Qg4 Qd7
24.Rh3 Qf7 25.Rf3 Qe7 26.Rg3 Rf7 27.f4 Raf8 28.Rf1 Qg5 29.f5 Qxg4 30.Rxg4 exf5
31.Rg6 f4 32.Rd6 Rd7 33.Rxd7 Nxd7 34.e6 Nc5 35.e7 Re8 36.Nc6 Ne4 37.Rxf4 Nf6
38.g4 Kf7 39.h4 Ke6 40.g5 hxg5 41.hxg5 Ne4 42.Rf8 Kd7 43.Rxe8 Kxe8 44.Nxa7 Kxe7
45.Nc8+ Kd7 46.Nxb6+ Kc6 47.Nc8 Nxg5 48.Ne7+  1/2-1/2

[Event "RUS-Cup1 Chigorin mem"]
[Site "St Petersburg"]
[Date "1996.??.??"]
[Round "7"]
[White "Kalegin, Evgenij"]
[Black "Kruppa, Yuri"]
[Result "1/2-1/2"]
[WhiteElo "2500"]
[BlackElo "2560"]

1.e4 e6 2.d4 d5 3.Nc3 Bb4 4.e5 b6 5.Qg4 Bf8 6.Bb5+ c6 7.Ba4 b5 8.Bb3 b4 9.Nce2 a5
10.c3 a4 11.Bc2 a3 12.Nh3 axb2 13.Bxb2 Ba6 14.Nhf4 Nh6 15.Qf3 Qg5 16.O-O Qg4
17.Qe3 Nf5 18.Qd2 Bxe2 19.Bxf5 Qxf5 20.Nxe2 Na6 21.f4 Be7 22.Ng3 Qg4 23.f5 Bg5
24.Qe1 bxc3 25.Qxc3 O-O 26.h3 Qh4 27.Ba3 c5 28.Bxc5 Nxc5 29.dxc5 Qc4  1/2-1/2

[Event "Star Dojran"]
[Site "Star Dojran"]
[Date "1996.??.??"]
[Round "1"]
[White "Colovic, Aleksandar"]
[Black "Dimitrov, Vladimir"]
[Result "1-0"]
[WhiteElo "2310"]
[BlackElo "2495"]

1.e4 e6 2.d4 d5 3.Nc3 Bb4 4.e5 Ne7 5.a3 Bxc3+ 6.bxc3 b6 7.Qg4 Kf8 8.Bd3 Ba6
9.Ne2 c5 10.Bxa6 Nxa6 11.O-O Rc8 12.Bg5 cxd4 13.Nxd4 h6 14.Bh4 Qd7 15.Rae1 Rxc3
16.Re3 Rc4 17.Bxe7+ Qxe7 18.Rg3 Rg8 19.c3 Nc5 20.f4 Ne4 21.f5 exf5 22.Rxf5 g6
23.e6 f6 24.Rxd5 Nxg3 25.Qxg3 Qc7 26.Qh4 Ke8 27.Qxf6 Rxc3 28.Rd8+  1-0

[Event "Star Dojran"]
[Site "Star Dojran"]
[Date "1996.??.??"]
[Round "9"]
[White "Colovic, Aleksandar"]
[Black "Jacimovic, Dragoljub"]
[Result "1/2-1/2"]
[WhiteElo "2315"]
[BlackElo "2435"]

1.e4 e6 2.d4 d5 3.Nc3 Bb4 4.e5 Ne7 5.a3 Bxc3+ 6.bxc3 c5 7.a4 Nbc6 8.Nf3 Qa5
9.Bd2 Bd7 10.Bb5 f6 11.Qe2 O-O 12.O-O c4 13.exf6 gxf6 14.Nh4 Rf7 15.f4 Re8
16.f5 Nxf5 17.Nxf5 exf5 18.Qh5 Qc7 19.Bf4 Qc8 20.Bh6 Re4 21.h3 Rfe7 22.Rf3 Kh8
23.Raf1 Qe8 24.Qxe8+ Rxe8 25.Bxc6 bxc6 26.Rg3 R4e7 27.Rb1 Re1+ 28.Rxe1 Rxe1+
29.Kf2 Re7 30.Bf8 Rf7 31.Bc5 f4 32.Rf3 Bf5 33.Rxf4 Bxc2 34.a5 a6 35.Kf1 Bd3+  1/2-1/2

[Event "Star Dojran"]
[Site "Star Dojran"]
[Date "1996.??.??"]
[Round "11"]
[White "Colovic, Aleksandar"]
[Black "Drasko, Milan"]
[Result "0-1"]
[WhiteElo "2310"]
[BlackElo "2505"]

1.e4 e6 2.d4 d5 3.Nc3 Bb4 4.e5 Ne7 5.a3 Bxc3+ 6.bxc3 c5 7.a4 Qc7 8.Nf3 b6
9.Bb5+ Bd7 10.Bd3 Nbc6 11.O-O h6 12.Re1 O-O 13.dxc5 bxc5 14.Bf4 Ng6 15.Bg3 Nce7
16.h4 c4 17.Bxg6 fxg6 18.Nh2 Nf5 19.Qg4 Qa5 20.Ra3 Kh7 21.Nf3 Rab8 22.Bf4 Rb2
23.Be3 Rxc2 24.Bd4 Rb8 25.Qf4 Rbb2 26.Rf1 Re2 27.Qc1 a6 28.g4 Ne7 29.Re1 Rxe1+
30.Nxe1 Rb8 31.Nf3 Nc6 32.Kg2 Qd8 33.Kg3 Rb3 34.Ra2 Qa5 35.Rc2 Qxa4 36.Qf4 Qa3
37.h5 g5 38.Qf7 Qe7 39.Qg6+ Kg8 40.Rc1 Qf7 41.Qxf7+ Kxf7 42.Kg2 a5  0-1